| 000 | 00436nam a2200145Ia 4500 | ||
|---|---|---|---|
| 008 | 231129s2009||||xx |||||||||||||| ||spa|| | ||
| 020 | _a978-958-708-385-9 | ||
| 040 | _bspa | ||
| 082 | _aCo860.4 R457a | ||
| 100 | _aReyes Vélez César Augusto | ||
| 245 | 0 | _aAproximación crítica a la cuentística de Humberto Jaramillo íngel | |
| 260 | _c2009 | ||
| 264 | _aSic Editorial | ||
| 942 |
_2ddc _cBKS |
||
| 999 |
_c5493 _d5493 |
||